Universidad, hispanidad y mexicanidad
محفوظ في:
| مؤلف مشترك: | |
|---|---|
| التنسيق: | كتاب |
| اللغة: | الإسبانية |
| منشور في: |
Ciudad de México
Universidad Autónoma de Guadalajara
1992
|
| الموضوعات: | |
| الوسوم: |
إضافة وسم
لا توجد وسوم, كن أول من يضع وسما على هذه التسجيلة!
|
MARC
| LEADER | 00000nam a2200000 a 4500 | ||
|---|---|---|---|
| 001 | UCT9915 | ||
| 003 | CL-VaPUC | ||
| 005 | 20250103100416.0 | ||
| 008 | 970412e19920000mx 1 spa d | ||
| 082 | 0 | 4 | |a 972 |b FOR |2 21 |
| 110 | 2 | |a Foro de la Juventud Positiva |e author |9 618331 | |
| 245 | 1 | 0 | |a Universidad, hispanidad y mexicanidad |
| 260 | |a Ciudad de México |b Universidad Autónoma de Guadalajara |c 1992 | ||
| 300 | |a 130 p | ||
| 583 | |a last modification |c 19970412 00:00:00 |k Rodrigo Vera | ||
| 650 | 0 | 0 | |a Historia |9 255047 |
| 650 | 0 | 0 | |a Iglesia Católica |9 256114 |
| 650 | 0 | 0 | |a Culturas indígenas |9 266389 |
| 650 | 0 | 7 | |a REYES CATOLICOS |2 CL-VaPUC |9 420971 |
| 650 | 0 | 7 | |a HISPANIZACION |2 CL-VaPUC |9 378313 |
| 650 | 0 | 7 | |a INDIOS |2 CL-VaPUC |9 258588 |
| 650 | 0 | 0 | |a Indígenas |9 317064 |
| 650 | 0 | 0 | |a Mestizaje |9 314827 |
| 650 | 0 | 7 | |a LEYES INDIAS |2 CL-VaPUC |9 618332 |
| 650 | 0 | 0 | |a Derecho Indiano |9 256266 |
| 650 | 0 | 0 | |a Derechos humanos |9 223025 |
| 650 | 0 | 0 | |a Ideología |9 255854 |
| 651 | 0 | |a México |9 255269 | |
| 651 | 0 | |a América |9 255182 | |
| 942 | |c BK | ||
| 945 | |a rleighto |d 19970412 00:00:00 | ||
| 546 | |a En Español | ||
| 518 | |p Foro de la Juventud Positiva, 2, Guadalajara, 1992 | ||
| 999 | |c 382899 |d 382897 | ||
| 952 | |0 0 |1 0 |4 0 |6 972_000000000000000_FOR_1992 |7 0 |8 A |9 504837 |a BIBHIS |b BIBHIS |d 2020-01-23 |i 3299775 |o 972 FOR 1992 |p 3299775 |r 2025-01-20 |w 2020-01-23 |y BK |k HIS | ||